| 000 | 01178nam a2200337 a 4500 | ||
|---|---|---|---|
| 001 | 000112302 | ||
| 003 | CHAP | ||
| 005 | 20220329144256.0 | ||
| 008 | 160301s2016 mx sm |||||||spa d | ||
| 010 | _a108763 | ||
| 011 | _a109735 | ||
| 040 | _cCHAP | ||
| 090 | _aTesis | ||
| 100 | 1 |
_aLuna Mena, Bethel Marina _969087 |
|
| 245 | 1 | 3 |
_aEl mercado de semillas mejoradas de maíz en México _h[En línea] _cpor Bethel Marina Luna Mena. |
| 260 |
_aChapingo, Méx. : _bEl autor, _c2016. |
||
| 500 | _aPara ver el contenido del material haga clic en la liga | ||
| 502 | _aTesis (Ph. D. en Problemas Económico Agroindustriales) -- UACH. Departamento de CIESTAAM | ||
| 590 |
_aE11695DGD _b10 _c20160301 _lUCH01 _h1354 |
||
| 590 |
_aE5765TAJ _b05 _c20160301 _lUCH01 _h0925 |
||
| 590 |
_aE5765TAJ _b05 _c20160301 _lUCH01 _h0926 |
||
| 650 | 1 | 4 |
_aMaíz _xInnovaciones tecnológicas. _970982 |
| 650 | 1 | 4 |
_aMaíz _xMejoramiento. _971006 |
| 650 | 1 | 4 |
_aMaíz _xMercadeo. _971007 |
| 650 | 1 | 4 |
_aMaíz _xRendimiento. _971051 |
| 650 | 1 | 4 |
_aMaíz _xSemilla. _971059 |
| 856 |
_aFinding aid _uhttp://10.13.5.2/tesis/sist112302.pdf _zTeclea aquí |
||
| 901 | _aBK | ||
| 942 | _cTESIS | ||
| 942 | _n0 | ||
| 999 |
_c108763 _d108763 |
||